BUBT Library Online Catalog

Introduction to the Law of Contract/ (Record no. 7342)

000 -LEADER
fixed length control field 00771nam a22002537a 4500
003 - CONTROL NUMBER IDENTIFIER
control field BUBTL
008 - FIXED-LENGTH DATA ELEMENTS--GENERAL INFORMATION
fixed length control field 240807b ||||| |||| 00| 0 eng d
020 ## - INTERNATIONAL STANDARD BOOK NUMBER
International Standard Book Number 9780199249411
041 ## - LANGUAGE CODE
Language code of text/sound track or separate title English
082 ## - DEWEY DECIMAL CLASSIFICATION NUMBER
Classification number 346.022/ P766i/ 2005
100 ## - MAIN ENTRY--PERSONAL NAME
9 (RLIN) 5873
Personal name Polock, S. F.
245 ## - TITLE STATEMENT
Title Introduction to the Law of Contract/
Remainder of title S. F. Polock, Stephen A. Smith
250 ## - EDITION STATEMENT
Edition statement 6th ed.
260 ## - PUBLICATION, DISTRIBUTION, ETC. (IMPRINT)
Place of publication, distribution, etc. New York :
Name of publisher, distributor, etc. Clarendon Press Oxford,
Date of publication, distribution, etc. c2005
300 ## - PHYSICAL DESCRIPTION
Extent [xxxvi], 44 p. :
Other physical details ill. ; 21 cm.
500 ## - GENERAL NOTE
General note Includes Index.
505 ## - FORMATTED CONTENTS NOTE
Formatted contents note Introduction to the Law of Contract, S. F. Polock, Stephen A. Smith
526 ## - STUDY PROGRAM INFORMATION NOTE
Program name Law
658 ## - INDEX TERM--CURRICULUM OBJECTIVE
Main curriculum objective Law
700 ## - ADDED ENTRY--PERSONAL NAME
9 (RLIN) 5874
Personal name Stephen A. Smith
856 ## - ELECTRONIC LOCATION AND ACCESS
Password 0
Logon 0
Link text Download
942 ## - ADDED ENTRY ELEMENTS (KOHA)
Source of classification or shelving scheme
Koha item type Books
Holdings
Withdrawn status Lost status Source of classification or shelving scheme Damaged status Not for loan Collection code Permanent location Current location Shelving location Date acquired Source of acquisition Inventory number Total Checkouts Full call number Barcode Date last seen Copy number Price effective from Koha item type
        Not For Loan Historical Books Bangladesh University of Business and Technology Library Bangladesh University of Business and Technology Library Law Stacks 03/24/2016 Purchase 22060   346.022/ P766i/ 2005 BUBTL-200322060 08/07/2024 C-1 08/07/2024 Books
        Not For Loan Non-fiction Bangladesh University of Business and Technology Library Bangladesh University of Business and Technology Library Law Stacks 03/24/2016 Purchase 22061   346.022/ P766i/ 2005 BUBTL-200322061 08/07/2024 C-2 08/07/2024 Books

More Information About Library

Library Hours

  • Open: 9.00 am. to 9.00 pm.
  • Only Sunday: 9.00 am. to 6.00 pm.
  • Closed: Holiday

Contact to the University

Bangladesh University of Business and Technology Library

  • Mirpurl-2, 1216.
  • Phone:
  • Fax:
  • E-Mail: admin.library@bubt.edu.bd

Contact to the Library

Contact Person:

Md. Abdul Hakim Shah
Joint Librarian
PABX No:  113
Cell No: 01816332931
E-mail: official: admin.library@bubt.edu.bd
Personal: hakim.shah@bubt.edu.bd


BUBT Library

Copyright © 2021